[Event "World Open 2014"]
[Site "Arlington, VA"]
[Date "2014.07.04"]
[Round "4"]
[White "Vibbert, Sean"]
[Black "Mulyar, Michael"]
[Result "1/2-1/2"]
[WhiteElo "2316"]
[BlackElo "2430"]
[PlyCount "101"]
[EventDate "2014.07.??"]
[EventType "swiss"]
[EventRounds "9"]
[EventCountry "USA"]

1. e4 e5 2. Nf3 Nc6 3. Bb5 a6 4. Ba4 Nf6 5. O-O b5 6. Bb3 Bc5 7. a4 Rb8 8. Nxe5
Nxe5 9. d4 Bxd4 10. Qxd4 d6 11. axb5 axb5 12. f4 Nc6 13. Qc3 Ne7 14. e5 Ne4 15.
Qe1 Bb7 16. Nc3 Nc5 17. Nxb5 Nxb3 18. cxb3 O-O 19. exd6 cxd6 20. Nd4 Nd5 21.
Bd2 Re8 22. Qf2 Nf6 23. Ba5 Qd7 24. Rfe1 Qg4 25. Qg3 Qxg3 26. hxg3 Ne4 27. Re3
Rec8 28. Bc3 g6 29. Ra7 d5 30. b4 Ba8 31. Nb3 Rb7 32. Rxb7 Bxb7 33. Nc5 Bc6 34.
Nxe4 dxe4 35. Re1 f5 36. Ra1 Ra8 37. Rxa8+ Bxa8 38. Kf2 Kf7 39. Ke3 Ke6 40. Kd4
e3 41. Kxe3 Bxg2 42. Kd4 Kd6 43. b5 Kc7 44. Ba5+ Kb7 45. Ke5 Bf3 46. Kf6 h5 47.
Kxg6 Bg4 48. Kf6 Bh3 49. Bd8 Bg4 50. Kg6 Kb8 51. Bh4 1/2-1/2

[Event "World Open 2014"]
[Site "Arlington, VA"]
[Date "2014.07.04"]
[Round "4"]
[White "Cooke, Eric"]
[Black "Sosa, Rafael"]
[Result "1/2-1/2"]
[WhiteElo "2151"]
[BlackElo "2397"]
[PlyCount "65"]
[EventDate "2014.07.??"]
[EventType "swiss"]
[EventRounds "9"]
[EventCountry "USA"]

1. e4 e6 2. d4 d5 3. Nc3 Bb4 4. e5 b6 5. a3 Bf8 6. f4 Ne7 7. Be3 Nf5 8. Bf2 h5
9. Bb5+ c6 10. Bd3 g6 11. Nf3 Be7 12. Ne2 Ba6 13. Bxa6 Nxa6 14. Qd3 Nc7 15. O-O
Rc8 16. b4 Qd7 17. Rab1 Kf8 18. g3 Kg7 19. h3 b5 20. Kg2 Na8 21. Rh1 Nh6 22.
Nh2 Nb6 23. g4 Nc4 24. Ng3 a5 25. gxh5 axb4 26. hxg6 fxg6 27. axb4 Ra8 28. Rhg1
Kf7 29. Nf3 Ra3 30. Rb3 Raa8 31. Rbb1 Ra3 32. Rb3 Raa8 33. Rbb1 1/2-1/2

[Event "World Open 2014"]
[Site "Arlington, VA"]
[Date "2014.07.04"]
[Round "4"]
[White "Kekelidze, Mikheil"]
[Black "Brattain, Mika"]
[Result "0-1"]
[WhiteElo "2478"]
[BlackElo "2285"]
[PlyCount "92"]
[EventDate "2014.07.??"]
[EventType "swiss"]
[EventRounds "9"]
[EventCountry "USA"]

1. d4 Nf6 2. c4 g6 3. Nc3 Bg7 4. e4 d6 5. Nf3 O-O 6. Be2 Nbd7 7. O-O e5 8. Qc2
Nh5 9. Rd1 Nf4 10. Bf1 c5 11. d5 Nf6 12. h3 Ne8 13. Ne2 Nxe2+ 14. Bxe2 f5 15.
Bg5 Nf6 16. exf5 gxf5 17. Nd2 Qe8 18. Rf1 Qg6 19. f4 e4 20. Bh4 Bd7 21. Bf2
Rae8 22. Be3 Re7 23. b4 b6 24. bxc5 bxc5 25. Rab1 Bh6 26. Rf2 Rg7 27. Nf1 Be8
28. Qd1 Kh8 29. Rb8 Rfg8 30. Kh2 Bxf4+ 31. Kh1 Bxe3 32. Nxe3 Qg3 33. Nxf5 Qxf2
34. Nxg7 Rxg7 35. Qf1 Qxf1+ 36. Bxf1 Re7 37. Be2 Kg7 38. g4 e3 39. Kg2 Bg6 40.
Rb3 Bc2 41. Ra3 Kg6 42. Kg3 Ne4+ 43. Kf4 Nf2 44. Ra6 Nxh3+ 45. Kg3 Ng1 46.
Rxd6+ Kg5 0-1

[Event "World Open 2014"]
[Site "Arlington, VA"]
[Date "2014.07.04"]
[Round "4"]
[White "Sarkar, Justin"]
[Black "Gulamali, Kazim"]
[Result "0-1"]
[WhiteElo "2414"]
[BlackElo "2300"]
[PlyCount "78"]
[EventDate "2014.07.??"]
[EventType "swiss"]
[EventRounds "9"]
[EventCountry "USA"]

1. d4 f5 2. c4 Nf6 3. Nc3 g6 4. g3 Bg7 5. Bg2 O-O 6. Nf3 d6 7. O-O Nc6 8. d5
Ne5 9. Nxe5 dxe5 10. Qb3 Kh8 11. c5 e4 12. Rd1 b6 13. Bf4 bxc5 14. Qa3 c4 15.
Qc5 Ne8 16. Qxc4 a5 17. Rac1 Nd6 18. Qc5 Bd7 19. Rc2 Qb8 20. Be3 Rc8 21. Bd4
Qb4 22. Bxg7+ Kxg7 23. Qd4+ Qxd4 24. Rxd4 c5 25. dxc6 Bxc6 26. Bf1 Rab8 27. e3
Nf7 28. Ba6 Rd8 29. Ne2 Bd5 30. Ra4 Ng5 31. Kf1 Nf3 32. Nd4 Nxh2+ 33. Ke2 e5
34. Nb5 Nf3 35. Nc7 Bf7 36. Rxa5 Rb6 37. g4 Rbd6 38. gxf5 Rd1 39. Ne6+ Kh6 0-1

[Event "World Open 2014"]
[Site "Arlington, VA"]
[Date "2014.07.04"]
[Round "4"]
[White "Holroyd, Kenneth"]
[Black "Balakrishnan, Praveen"]
[Result "1/2-1/2"]
[WhiteElo "2116"]
[BlackElo "2151"]
[PlyCount "48"]
[EventDate "2014.07.??"]
[EventType "swiss"]
[EventRounds "9"]
[EventCountry "USA"]

1. d4 Nf6 2. c4 e6 3. Nc3 Bb4 4. Qc2 d5 5. cxd5 Qxd5 6. Nf3 Qf5 7. Qb3 Bxc3+ 8.
bxc3 O-O 9. g3 Qa5 10. Bg2 Ne4 11. Bb2 Nd7 12. O-O Ndf6 13. c4 b6 14. Qb5 Qxb5
15. cxb5 Bd7 16. a4 a6 17. Ne5 Rfd8 18. Rfc1 axb5 19. Rxc7 Be8 20. axb5 Rxa1+
21. Bxa1 Bxb5 22. f3 Nd6 23. e4 Ra8 24. Rc1 Nd7 1/2-1/2

[Event "World Open 2014"]
[Site "Arlington, VA"]
[Date "2014.07.04"]
[Round "5.1"]
[White "Laznicka, Viktor"]
[Black "Friedel, Joshua"]
[Result "1/2-1/2"]
[WhiteElo "2679"]
[BlackElo "2506"]
[PlyCount "120"]
[EventDate "2014.07.??"]
[EventType "swiss"]
[EventRounds "9"]
[EventCountry "USA"]
[WhiteClock "0:00:16"]
[BlackClock "0:47:02"]

1. d4 Nf6 2. c4 e6 3. Nc3 Bb4 4. e3 O-O 5. Bd3 d5 6. Nf3 c5 7. O-O cxd4 8. exd4
dxc4 9. Bxc4 b6 10. Bg5 Bb7 11. Rc1 h6 12. Bh4 Nc6 13. Re1 Rc8 14. Bd3 Be7 15.
Bb1 Nh5 16. Qd3 g6 17. Bxe7 Nxe7 18. Qe3 Bxf3 19. Qxf3 Qxd4 20. Qb7 Qb4 21.
Qxa7 Qxb2 22. Qxe7 Rxc3 23. Rcd1 Rc5 24. g3 Nf6 25. Qd6 Rd5 26. Rxd5 Nxd5 27.
h4 h5 28. Kg2 Kg7 29. a4 Qd4 30. Qe5+ Qxe5 31. Rxe5 Nc3 32. Bc2 Ra8 33. Re1 Ra5
34. Kf3 Kf6 35. Rc1 Rc5 36. Ra1 Ke5 37. Ke3 Nd5+ 38. Kd2 Kd6 39. Rb1 Rc4 40.
Ra1 Rd4+ 41. Ke2 Nb4 42. Bd1 Nc6 43. Rb1 Rb4 44. Rxb4 Nxb4 45. Ke3 e5 46. Bb3
Nd5+ 47. Kd3 f5 48. Kc4 Kc6 49. Ba2 Nf6 50. Kd3 Ne4 51. Ke3 Nd6 52. Bg8 Nc8 53.
Bf7 Ne7 54. Kd3 Kc5 55. Kc3 b5 56. axb5 Kxb5 57. f4 exf4 58. gxf4 Kc5 59. Bb3
Nd5+ 60. Bxd5 Kxd5 1/2-1/2

[Event "World Open 2014"]
[Site "Arlington, VA"]
[Date "2014.07.04"]
[Round "5.4"]
[White "Suarez, Isan"]
[Black "Nyzhnyk, Illia"]
[Result "1/2-1/2"]
[WhiteElo "2592"]
[BlackElo "2628"]
[PlyCount "94"]
[EventDate "2014.07.??"]
[EventType "swiss"]
[EventRounds "9"]
[EventCountry "USA"]
[WhiteClock "1:01:32"]
[BlackClock "1:43:21"]

1. e4 e6 2. d4 d5 3. Nd2 c5 4. Ngf3 cxd4 5. Nxd4 Nf6 6. exd5 Qxd5 7. Nb5 Na6 8.
Nc3 Qd8 9. a3 Be7 10. Qf3 Nc7 11. Bd3 Ncd5 12. Nxd5 Qxd5 13. Ne4 Bd7 14. Nxf6+
Bxf6 15. Qxd5 exd5 16. c3 O-O 17. Be3 Ba4 18. O-O Rfd8 19. Bd4 Bxd4 20. cxd4
Rac8 21. Rac1 Kf8 22. Rfe1 h6 23. f3 Rxc1 24. Rxc1 Ke7 25. Rc5 b6 26. Rc7+ Rd7
27. Rc3 Rd8 28. b3 Be8 29. Rc7+ Rd7 30. Rc1 Rd8 31. Ba6 Kd6 32. a4 Bd7 33. Kf2
Re8 34. Rc3 Re7 35. h4 Re8 36. Rc1 Re7 37. Bb5 Re8 38. Bxd7 Kxd7 39. b4 Rc8 40.
Rxc8 Kxc8 41. Ke3 Kd7 42. Kf4 Ke6 43. h5 a5 44. b5 Kf6 45. g3 Ke6 46. g4 Kf6
47. g5+ Ke6 1/2-1/2

[Event "World Open 2014"]
[Site "Arlington, VA"]
[Date "2014.07.04"]
[Round "5"]
[White "Shabalov, Alexander"]
[Black "Perez, Yuniesky"]
[Result "0-1"]
[WhiteElo "2501"]
[BlackElo "2655"]
[PlyCount "68"]
[EventDate "2014.07.??"]
[EventType "swiss"]
[EventRounds "9"]
[EventCountry "USA"]

1. d4 Nf6 2. c4 e6 3. Nf3 Bb4+ 4. Nbd2 O-O 5. a3 Be7 6. e4 d5 7. e5 Nfd7 8. b4
a5 9. b5 c5 10. Bb2 b6 11. Be2 Bb7 12. O-O cxd4 13. Re1 d3 14. Bxd3 Nc5 15. Bf1
Nbd7 16. Nd4 Qc7 17. N2f3 Rfd8 18. cxd5 Bxd5 19. Nf5 Bf8 20. Ne3 Bxf3 21. Qxf3
Nxe5 22. Qg3 Bd6 23. Nc4 Ng6 24. Qc3 Bf8 25. Qc2 Rd5 26. g3 Rad8 27. Re3 a4 28.
Bg2 Nb3 29. Rae1 Rxb5 30. Qe4 Nd2 31. Nxd2 Rxb2 32. Nc4 Rb3 33. Rxb3 axb3 34.
a4 Qc5 0-1

[Event "World Open 2014"]
[Site "Arlington, VA"]
[Date "2014.07.04"]
[Round "5"]
[White "Shimanov, Alex"]
[Black "Boros, Denes"]
[Result "1-0"]
[WhiteElo "2644"]
[BlackElo "2474"]
[PlyCount "75"]
[EventDate "2014.07.??"]
[EventType "swiss"]
[EventRounds "9"]
[EventCountry "USA"]

1. d4 Nf6 2. Bg5 e6 3. Nd2 h6 4. Bh4 c5 5. e4 cxd4 6. e5 g5 7. Bg3 Nd5 8. h4
Nc6 9. hxg5 Qxg5 10. Ngf3 Qg7 11. Bb5 Ne3 12. Qc1 Nf5 13. Rh3 d5 14. Nb3 Qg4
15. Bd3 Bd7 16. Qf4 Bb4+ 17. Kd1 Rg8 18. Bxf5 exf5 19. Qxh6 d3 20. Rh4 dxc2+
21. Kxc2 Qg6 22. Qxg6 fxg6 23. e6 Bxe6 24. a3 Be7 25. Re1 Kd7 26. Rh7 b6 27.
Nbd4 Rac8 28. Kb1 f4 29. Rxe6 fxg3 30. Ne5+ Nxe5 31. Rhxe7+ Kd8 32. Rxe5 Rc4
33. Nb5 a6 34. Nd6 gxf2 35. Rf7 Rd4 36. Rxf2 Kd7 37. Nf7 Rf8 38. Ree2 1-0

[Event "World Open 2014"]
[Site "Arlington, VA"]
[Date "2014.07.04"]
[Round "5"]
[White "Kannappan, Priyadharshan"]
[Black "Shulman, Yury"]
[Result "1/2-1/2"]
[WhiteElo "2443"]
[BlackElo "2568"]
[PlyCount "96"]
[EventDate "2014.07.??"]
[EventType "swiss"]
[EventRounds "9"]
[EventCountry "USA"]

1. e4 e6 2. d4 d5 3. Nd2 a6 4. Ngf3 c5 5. c3 Nc6 6. Bd3 cxd4 7. cxd4 dxe4 8.
Nxe4 Bb4+ 9. Nc3 Nf6 10. O-O O-O 11. Be3 Bd7 12. a3 Be7 13. Qe2 Qa5 14. Rfd1
Rfd8 15. Rac1 Rac8 16. Bb1 Be8 17. Ba2 Qh5 18. Bg5 Nd5 19. Bxe7 Ncxe7 20. Qe5
Qxe5 21. Nxe5 Nb6 22. g4 Na4 23. Nxa4 Bxa4 24. Rxc8 Rxc8 25. Rd3 Rd8 26. f4 Bb5
27. Rd2 Kf8 28. Kf2 f6 29. Nf3 Nd5 30. Bxd5 Rxd5 31. Rc2 Bc6 32. Ke3 Ke7 33.
Ne1 h5 34. h3 hxg4 35. hxg4 g5 36. fxg5 Rxg5 37. Kf4 Rd5 38. Ke3 Rg5 39. Kf4
e5+ 40. dxe5 Rxe5 41. Ng2 Re4+ 42. Kg3 Kd6 43. Rf2 Ke7 44. Nf4 Re3+ 45. Kh4 Rf3
46. Rxf3 Bxf3 47. Kg3 Bc6 48. Nh5 Be4 1/2-1/2

[Event "World Open 2014"]
[Site "Arlington, VA"]
[Date "2014.07.04"]
[Round "5"]
[White "Shetty, Atulya"]
[Black "Filip, Panchevski"]
[Result "1/2-1/2"]
[WhiteElo "2302"]
[BlackElo "2481"]
[PlyCount "133"]
[EventDate "2014.07.??"]
[EventType "swiss"]
[EventRounds "9"]
[EventCountry "USA"]

1. c4 e5 2. g3 d6 3. Nc3 Nc6 4. Bg2 Be6 5. d3 g6 6. e4 Qd7 7. Nd5 h5 8. Ne2 h4
9. Be3 Bg4 10. h3 Bxe2 11. Qxe2 Bh6 12. O-O hxg3 13. fxg3 Bxe3+ 14. Qxe3 Nd4
15. Rf2 c6 16. Nc3 O-O-O 17. Raf1 Rf8 18. Ne2 Nxe2+ 19. Rxe2 c5 20. b4 Qc7 21.
Rb2 Ne7 22. b5 Qd7 23. a4 Ng8 24. Rbf2 Rh7 25. Qg5 Rh5 26. Qxg6 fxg6 27. Rxf8+
Kc7 28. Rxg8 Qh7 29. Rgf8 Kb6 30. R8f7 Qh6 31. a5+ Kxa5 32. Rxb7 Qe3+ 33. Kh2
Qe2 34. Rxa7+ Kb4 35. Rf3 Qb2 36. Rd7 g5 37. Rg7 Qd2 38. b6 Rh8 39. b7 Rb8 40.
Kg1 Qd1+ 41. Kh2 g4 42. Rxg4 Rxb7 43. Rg6 Ra7 44. g4 Ra2 45. Rgf6 Rd2 46. g5
Qe2 47. Rf2 Qxd3 48. R6f3 Qc2 49. Rxd2 Qxd2 50. Rg3 Qc2 51. g6 Qxc4 52. g7 Qg8
53. Bf3 c4 54. Bh5 c3 55. Bd1 d5 56. exd5 e4 57. d6 e3 58. d7 e2 59. Bxe2 c2
60. d8=Q Qxd8 61. g8=Q Qxg8 62. Rxg8 c1=Q 63. Rg4+ Kc5 64. Rc4+ Qxc4 65. Bxc4
Kxc4 66. Kg3 Kd5 67. Kg4 1/2-1/2

[Event "World Open 2014"]
[Site "Arlington, VA"]
[Date "2014.07.04"]
[Round "5"]
[White "Kaufman, Lawrence"]
[Black "Cooke, Eric"]
[Result "1-0"]
[WhiteElo "2329"]
[BlackElo "2151"]
[PlyCount "105"]
[EventDate "2014.07.??"]
[EventType "swiss"]
[EventRounds "9"]
[EventCountry "USA"]

1. d4 Nf6 2. c4 g6 3. f3 Bg7 4. e4 d6 5. Nc3 O-O 6. Nge2 Nc6 7. Be3 a6 8. Qd2
Rb8 9. Rc1 Bd7 10. Nd1 e5 11. d5 Ne7 12. g3 Ne8 13. Bg2 c5 14. b4 b6 15. O-O f5
16. Nf2 Nf6 17. Rb1 Qc7 18. Rfc1 Kh8 19. Rb3 fxe4 20. fxe4 Ng4 21. Nxg4 Bxg4
22. a4 Qd7 23. Nc3 Ng8 24. Rcb1 Rbc8 25. bxc5 bxc5 26. Rb6 Rf7 27. Rxa6 Bh3 28.
Nb5 Bxg2 29. Qxg2 Rcf8 30. Ra7 Qxa7 31. Nxa7 Rxa7 32. Ra1 Rfa8 33. Qc2 Bf6 34.
Bd2 Bd8 35. a5 Nf6 36. Bg5 Kg7 37. Bxf6+ Bxf6 38. Qb3 Bd8 39. a6 Rc8 40. Qb5
Be7 41. Qb6 Rcc7 42. Qxc7 Rxc7 43. a7 Rxa7 44. Rxa7 Kf6 45. Kf2 h5 46. h4 Bf8
47. Kf3 Be7 48. g4 hxg4+ 49. Kxg4 Bf8 50. h5 gxh5+ 51. Kxh5 Be7 52. Rxe7 Kxe7
53. Kg6 1-0

[Event "World Open 2014"]
[Site "Arlington, VA"]
[Date "2014.07.05"]
[Round "6.2"]
[White "Lenderman, Aleksandr"]
[Black "Laznicka, Viktor"]
[Result "1/2-1/2"]
[WhiteElo "2593"]
[BlackElo "2679"]
[PlyCount "89"]
[EventDate "2014.07.??"]
[EventType "swiss"]
[EventRounds "9"]
[EventCountry "USA"]
[WhiteClock "0:33:05"]
[BlackClock "0:27:17"]

1. c4 f5 2. d4 Nf6 3. Nc3 d6 4. Nf3 g6 5. Bf4 Bg7 6. e3 Nbd7 7. Qb3 c6 8. c5 d5
9. h3 Ne4 10. Be2 e5 11. Bh2 O-O 12. Rc1 Qe7 13. Rc2 exd4 14. exd4 Ng5 15. O-O
f4 16. Nxd5 Nxf3+ 17. Bxf3 cxd5 18. Re2 Qh4 19. Qxd5+ Kh8 20. Qd6 g5 21. Re7
Nf6 22. Bxb7 Bxb7 23. Rxb7 Rad8 24. Qe7 Qh6 25. c6 Nd5 26. Qc5 Qe6 27. Qxa7 Rg8
28. Qc5 g4 29. c7 Rc8 30. hxg4 Bf8 31. Qc2 Rxg4 32. Rb8 Rg7 33. Rxc8 Qxc8 34.
Qe4 Rd7 35. Qf5 Nxc7 36. Bxf4 Nd5 37. Be5+ Bg7 38. Re1 Qd8 39. Re4 Ne7 40.
Bxg7+ Kxg7 41. Qe5+ Kg8 42. Qe6+ Kg7 43. Qe5+ Kg8 44. Qe6+ Kg7 45. Qe5+ 1/2-1/2

[Event "World Open 2014"]
[Site "Arlington, VA"]
[Date "2014.07.05"]
[Round "6.3"]
[White "Perez, Yuniesky"]
[Black "Suarez, Isan"]
[Result "1/2-1/2"]
[WhiteElo "2655"]
[BlackElo "2592"]
[PlyCount "20"]
[EventDate "2014.07.??"]
[EventType "swiss"]
[EventRounds "9"]
[EventCountry "USA"]
[WhiteClock "1:51:24"]
[BlackClock "1:53:20"]

1. e4 e5 2. Nf3 Nc6 3. Bb5 Nf6 4. O-O Nxe4 5. d4 Nd6 6. Bxc6 dxc6 7. dxe5 Nf5
8. Qxd8+ Kxd8 9. h3 h6 10. Rd1+ Ke8 1/2-1/2

[Event "World Open 2014"]
[Site "Arlington, VA"]
[Date "2014.07.05"]
[Round "6.4"]
[White "Nyzhnyk, Illia"]
[Black "Friedel, Joshua"]
[Result "1-0"]
[WhiteElo "2628"]
[BlackElo "2506"]
[PlyCount "85"]
[EventDate "2014.07.??"]
[EventType "swiss"]
[EventRounds "9"]
[EventCountry "USA"]
[WhiteClock "0:43:43"]
[BlackClock "0:04:16"]

1. d4 Nf6 2. c4 e6 3. Nf3 Bb4+ 4. Nbd2 O-O 5. a3 Be7 6. e4 d6 7. b3 e5 8. d5
Nbd7 9. Bb2 g6 10. g3 Ne8 11. Bg2 Ng7 12. O-O f5 13. Ne1 Nc5 14. b4 Nxe4 15.
Nxe4 fxe4 16. Bxe4 Bf5 17. Qe2 Qd7 18. Nd3 Bxe4 19. Qxe4 Qf5 20. Rfe1 Rf7 21.
f4 Qxe4 22. Rxe4 exf4 23. Bxg7 Rxg7 24. Nxf4 Bf6 25. Rae1 Rf7 26. c5 dxc5 27.
bxc5 c6 28. d6 Rd7 29. Rf1 Bg7 30. Rc1 Rc8 31. a4 Rf8 32. Ne6 Rf5 33. a5 h5 34.
a6 bxa6 35. Rb1 Re5 36. Rxe5 Bxe5 37. Rf1 a5 38. Rf8+ Kh7 39. Rc8 Bxd6 40. cxd6
Rxd6 41. Ng5+ Kg7 42. Rc7+ Kg8 43. Rxa7 1-0

[Event "World Open 2014"]
[Site "Arlington, VA"]
[Date "2014.07.05"]
[Round "6"]
[White "Batista, Lazaro"]
[Black "Holt, Conrad"]
[Result "0-1"]
[WhiteElo "2696"]
[BlackElo "2554"]
[PlyCount "78"]
[EventDate "2014.07.??"]
[EventType "swiss"]
[EventRounds "9"]
[EventCountry "USA"]

1. e4 e6 2. d4 d5 3. Nd2 Be7 4. Ngf3 Nf6 5. e5 Nfd7 6. Bd3 c5 7. c3 Nc6 8. O-O
g5 9. dxc5 g4 10. Nd4 Ncxe5 11. Bc2 Nxc5 12. f4 gxf3 13. N2xf3 Ng6 14. Qe2 f5
15. Bh6 Bd7 16. Kh1 Qc7 17. c4 dxc4 18. Qxc4 O-O-O 19. Rac1 Kb8 20. b4 Na6 21.
Qe2 Qb6 22. Be3 Nxb4 23. Bb3 Qa5 24. a3 Nd5 25. Bd2 Qa6 26. Bc4 Qd6 27. Rb1 Ka8
28. a4 Rhg8 29. Rfd1 Ngf4 30. Bxd5 Nxd5 31. Ne5 Rc8 32. a5 Ba4 33. Re1 Bf6 34.
Nf7 Qd7 35. Ne5 Qd6 36. Nf7 Qa6 37. Qxa6 bxa6 38. Nxe6 Bc2 39. Rbc1 Bb2 0-1

[Event "World Open 2014"]
[Site "Arlington, VA"]
[Date "2014.07.05"]
[Round "6"]
[White "Shmelov, Denys"]
[Black "Shimanov, Alex"]
[Result "1/2-1/2"]
[WhiteElo "2393"]
[BlackElo "2644"]
[PlyCount "151"]
[EventDate "2014.07.??"]
[EventType "swiss"]
[EventRounds "9"]
[EventCountry "USA"]

1. d4 f5 2. c4 Nf6 3. g3 g6 4. Bg2 Bg7 5. Nc3 d6 6. d5 c6 7. Nh3 e5 8. dxe6
Bxe6 9. Qb3 Qe7 10. Ng5 Bc8 11. O-O h6 12. Nf3 Na6 13. Rd1 Nc5 14. Qc2 O-O 15.
Rb1 a5 16. Bf4 Rd8 17. Na4 Nxa4 18. Qxa4 Be6 19. Nd4 Bf7 20. Qc2 d5 21. c5 Ne4
22. Bxe4 Qxe4 23. Qc3 g5 24. Bd6 Re8 25. Rbc1 Bg6 26. Rd2 f4 27. Rf1 Kh7 28.
gxf4 gxf4 29. f3 Qe3+ 30. Qxe3 fxe3 31. Rdd1 a4 32. Kh1 Rg8 33. Rg1 Bf6 34. Bf4
a3 35. b3 Rae8 36. Bd6 h5 37. Bg3 Be7 38. Rc1 Bf6 39. Rcd1 Bd8 40. Be1 Bc7 41.
Bg3 Ba5 42. Be1 Bc7 43. Bg3 Bd8 44. Be1 Rgf8 45. Bg3 Rf7 46. Rc1 Ba5 47. Be1
Bxe1 48. Rgxe1 Rf4 49. Red1 Bf5 50. Nxf5 Rxf5 51. Rd4 Kg6 52. Rb4 Re7 53. Ra4
Kf6 54. Rxa3 d4 55. b4 Ke5 56. Rd3 Rg7 57. Rcd1 Rf4 58. h3 Rg8 59. a3 h4 60.
Kh2 Rg3 61. Re1 Rf7 62. Red1 Rfg7 63. Rxd4 Rg2+ 64. Kh1 Rxe2 65. Re4+ Kf5 66.
Rd8 Re1+ 67. Kh2 Re2+ 68. Kh1 Rg3 69. Rf8+ Kg5 70. Rg8+ Kf6 71. Rge8 Rxh3+ 72.
Kg1 Rg3+ 73. Kh1 Rh3+ 74. Kg1 Re1+ 75. Kg2 Rhh1 76. R8e6+ 1/2-1/2

[Event "World Open 2014"]
[Site "Arlington, VA"]
[Date "2014.07.05"]
[Round "6"]
[White "Gareyev, Timur"]
[Black "Gorovets, Andrey"]
[Result "1/2-1/2"]
[WhiteElo "2640"]
[BlackElo "2446"]
[PlyCount "56"]
[EventDate "2014.07.??"]
[EventType "swiss"]
[EventRounds "9"]
[EventCountry "USA"]

1. d4 f5 2. Nc3 d5 3. Bf4 e6 4. e3 a6 5. Nf3 Nf6 6. Bd3 c5 7. dxc5 Bxc5 8. O-O
Nc6 9. Ne2 Qe7 10. Ned4 O-O 11. c4 Bd7 12. a3 Bd6 13. Bg3 Bxg3 14. hxg3 Kh8 15.
cxd5 Nxd5 16. e4 Nxd4 17. Nxd4 Qf6 18. Bc2 fxe4 19. Bxe4 Rad8 20. Bxd5 Bc8 21.
Be4 Rxd4 22. Qc2 g6 23. Rad1 e5 24. Rfe1 Qd6 25. Rxd4 exd4 26. Bd3 Bd7 27. Qd2
Kg7 28. Qg5 Re8 1/2-1/2

[Event "World Open 2014"]
[Site "Arlington, VA"]
[Date "2014.07.05"]
[Round "6"]
[White "Maghami, Ehsan"]
[Black "Milman, Lev"]
[Result "1-0"]
[WhiteElo "2582"]
[BlackElo "2441"]
[PlyCount "77"]
[EventDate "2014.07.??"]
[EventType "swiss"]
[EventRounds "9"]
[EventCountry "USA"]

1. c4 e6 2. Nf3 d5 3. d4 Nf6 4. e3 c5 5. Nc3 Nc6 6. a3 a6 7. dxc5 Bxc5 8. b4
Bd6 9. Bb2 O-O 10. Rc1 Ne5 11. c5 Bc7 12. Be2 Nc6 13. Qc2 e5 14. Rd1 e4 15. Ng5
Re8 16. f3 Bf5 17. O-O Bg6 18. fxe4 Qb8 19. Nxd5 Bxh2+ 20. Kh1 Nxe4 21. Nxe4
Rxe4 22. Qb3 Rh4 23. Rf3 Bh5 24. Nb6 Bxf3 25. Bxf3 Be5+ 26. Kg1 Bxb2 27. Nxa8
Bf6 28. Nb6 Ne5 29. Qd5 Nxf3+ 30. Qxf3 Rh6 31. Rd6 Bg5 32. Nc4 Rf6 33. Qd5 Rxd6
34. Nxd6 Bxe3+ 35. Kf1 b5 36. Qxf7+ Kh8 37. Ne8 Qf4+ 38. Qxf4 Bxf4 39. c6 1-0

[Event "World Open 2014"]
[Site "Arlington, VA"]
[Date "2014.07.05"]
[Round "6"]
[White "Cheng, Bindi"]
[Black "Shulman, Yury"]
[Result "1/2-1/2"]
[WhiteElo "2410"]
[BlackElo "2568"]
[PlyCount "83"]
[EventDate "2014.07.??"]
[EventType "swiss"]
[EventRounds "9"]
[EventCountry "USA"]

1. d4 Nf6 2. c4 g6 3. Nc3 Bg7 4. e4 d6 5. f3 O-O 6. Be3 c6 7. Nge2 a6 8. c5
Nbd7 9. Ng3 b6 10. cxd6 exd6 11. Be2 b5 12. O-O Nb6 13. Qd2 Re8 14. b3 Bb7 15.
Rac1 Rc8 16. a4 Qe7 17. axb5 axb5 18. Bf2 Nbd7 19. b4 Nb6 20. f4 Nfd7 21. Rfe1
Nc4 22. Bxc4 bxc4 23. e5 f5 24. exf6 Qxf6 25. Nge4 Qf8 26. d5 Rb8 27. dxc6 Bxc6
28. Bd4 Bh6 29. Ng5 Rxe1+ 30. Rxe1 Re8 31. Rxe8 Qxe8 32. h4 Nf8 33. Bf6 Bxg5
34. hxg5 Qe6 35. Kf2 Qg4 36. Nd5 Kf7 37. Qe3 Qe6 38. Nb6 Qxe3+ 39. Kxe3 Bxg2
40. Nxc4 Ke6 41. Bg7 Kd5 42. Bxf8 1/2-1/2

[Event "World Open 2014"]
[Site "Arlington, VA"]
[Date "2014.07.05"]
[Round "6"]
[White "Vidal, Yuri"]
[Black "Kannappan, Priyadharshan"]
[Result "1/2-1/2"]
[WhiteElo "2546"]
[BlackElo "2443"]
[PlyCount "56"]
[EventDate "2014.07.??"]
[EventType "swiss"]
[EventRounds "9"]
[EventCountry "USA"]

1. e4 e5 2. Nf3 Nc6 3. Bb5 Nf6 4. O-O Nxe4 5. d4 Nd6 6. Bxc6 dxc6 7. dxe5 Nf5
8. Qxd8+ Kxd8 9. h3 h6 10. Rd1+ Ke8 11. Nc3 Be7 12. Ne2 Bd7 13. b3 Rd8 14. Bb2
h5 15. Nf4 h4 16. Re1 Rh6 17. Rad1 g5 18. Ne2 Rg6 19. Nc3 g4 20. hxg4 Rxg4 21.
Re4 Rg8 22. Rf4 Be6 23. Rxd8+ Kxd8 24. Ne4 Kc8 25. Kf1 Rd8 26. Ke2 Rg8 27. Kf1
Rd8 28. Ke2 Rg8 1/2-1/2

[Event "World Open 2014"]
[Site "Arlington, VA"]
[Date "2014.07.05"]
[Round "6"]
[White "Paragua, Mark"]
[Black "Gu, Christopher"]
[Result "1-0"]
[WhiteElo "2506"]
[BlackElo "2322"]
[PlyCount "57"]
[EventDate "2014.07.??"]
[EventType "swiss"]
[EventRounds "9"]
[EventCountry "USA"]

1. d4 d5 2. Bg5 h6 3. Bh4 c6 4. Nf3 Qb6 5. Qc1 Bf5 6. e3 e6 7. c4 Nd7 8. Nc3
Be7 9. Bg3 Ngf6 10. Be2 O-O 11. O-O Ne4 12. Nxe4 Bxe4 13. c5 Qd8 14. Nd2 Bh7
15. b4 Bf6 16. Nb3 a6 17. Qc3 Re8 18. a4 e5 19. Rfe1 exd4 20. exd4 Bf5 21. Bf1
Nf8 22. Be5 Bxe5 23. dxe5 Ne6 24. Nd4 Nxd4 25. Qxd4 f6 26. Qf4 Be6 27. Bd3 Qc7
28. Qg3 Bf7 29. e6 1-0

[Event "World Open 2014"]
[Site "Arlington, VA"]
[Date "2014.07.05"]
[Round "6"]
[White "Gulamali, Kazim"]
[Black "Shabalov, Alexander"]
[Result "0-1"]
[WhiteElo "2300"]
[BlackElo "2501"]
[PlyCount "46"]
[EventDate "2014.07.??"]
[EventType "swiss"]
[EventRounds "9"]
[EventCountry "USA"]

1. e4 e6 2. d4 d5 3. e5 c5 4. c3 Nc6 5. Nf3 Bd7 6. Be2 Rc8 7. O-O a6 8. a3 Nge7
9. Bd3 Ng6 10. g3 f6 11. Re1 Be7 12. Qc2 Kf7 13. Qe2 Rf8 14. h4 Kg8 15. h5 Nh8
16. Bf4 cxd4 17. cxd4 fxe5 18. dxe5 Be8 19. h6 g5 20. Nxg5 Bxg5 21. Qg4 Nf7 22.
Qxe6 Nd4 23. Qg4 Nxh6 0-1

[Event "World Open 2014"]
[Site "Arlington, VA"]
[Date "2014.07.05"]
[Round "6"]
[White "Harmon-Vellotti, Luke"]
[Black "Li, Ruifeng"]
[Result "1-0"]
[WhiteElo "2412"]
[BlackElo "2305"]
[PlyCount "135"]
[EventDate "2014.07.??"]
[EventType "swiss"]
[EventRounds "9"]
[EventCountry "USA"]

1. e4 c5 2. Nf3 Nc6 3. d4 cxd4 4. Nxd4 g6 5. Nc3 Bg7 6. Be3 Nf6 7. Be2 O-O 8.
Nb3 d6 9. O-O b6 10. f4 Bb7 11. Bf3 Nd7 12. Qd2 Nc5 13. Rad1 Rc8 14. Qf2 Nxb3
15. axb3 Nb4 16. Bd4 Bxd4 17. Rxd4 a5 18. Rfd1 Qc7 19. Bg4 Rb8 20. Rc4 Qd8 21.
e5 d5 22. Rcd4 Qc7 23. R4d2 Bc6 24. Ne2 e6 25. Nd4 Bd7 26. Re1 Rbe8 27. Qe2 Qc5
28. Kh1 Nc6 29. Nf3 Bc8 30. h4 Qe7 31. g3 Kg7 32. Kh2 Bb7 33. Ng5 h6 34. Nf3
Bc8 35. h5 Bb7 36. Qg2 Rh8 37. Qh3 Bc8 38. Qg2 Bb7 39. Qf2 Qc5 40. Qe2 Qe7 41.
Qd1 Rd8 42. Bh3 Ba6 43. Nh4 Bc8 44. Qg4 Qe8 45. Bf1 Ne7 46. Bd3 Nf5 47. Nf3 Bb7
48. Bxf5 exf5 49. Qh4 Bc8 50. Kg1 gxh5 51. Qf6+ Kg8 52. Rh2 Qf8 53. Nd4 Re8 54.
Qxb6 Be6 55. Qxa5 Qg7 56. Kf2 Qg4 57. Rh4 Qg6 58. Qc3 Rc8 59. Qd3 Kg7 60. Reh1
Rc7 61. Rxh5 Bc8 62. c3 Ra7 63. Qb1 Be6 64. g4 Bd7 65. gxf5 Qb6 66. f6+ Kf8 67.
Rxh6 Rg8 68. Rh8 1-0